[Event "?"]
[Site "?"]
[Date "????.??.??"]
[Round "?"]
[White "Khanukov, B."]
[Black "Hoen, R."]
[Result "1/2-1/2"]
[WhiteElo "2358"]
[BlackElo "2280"]
[PlyCount "105"]

1. d4 d5 2. c4 e6 3. Nc3 Nf6 4. Bg5 Be7 5. e3 O-O 6. Nf3 b6 7. cxd5 exd5 8. Be2
Bb7 9. O-O Ne4 10. Bxe7 Qxe7 11. Qb3 Nxc3 12. Qxc3 c6 13. b4 Nd7 14. Rfc1 Rfe8
15. a3 g6 16. Bd1 Qf6 17. Ba4 Rac8 18. Qd2 Ra8 19. Ne1 a5 20. Nd3 Rec8 21. Bd1
Qd6 22. Bf3 Ba6 23. Nf4 Bc4 24. h4 Nf6 25. g4 Re8 26. bxa5 Rxa5 27. Qb4 Qc7 28.
a4 Ne4 29. Rab1 b5 30. axb5 Rxb5 31. Qe1 Qe7 32. Ng2 Reb8 33. Qd1 Kg7 34. Rxb5
cxb5 35. Qc2 Ra8 36. Bxe4 dxe4 37. g5 h6 38. gxh6+ Kxh6 39. Qd1 Qe6 40. Ra1
Rxa1 41. Qxa1 Qf6 42. Qa3 Kg7 43. Qc5 Qf5 44. Qe7 Qg4 45. Kh2 Qf5 46. Kg1 Be2
47. Nf4 Bc4 48. Kh2 Qf6 49. Qxe4 Qxh4+ 50. Kg1 Qg4+ 51. Kh2 Qh4+ 52. Kg1 Qg5+
53. Kh2 1/2-1/2

[Event "?"]
[Site "?"]
[Date "????.??.??"]
[Round "?"]
[White "Kristiansen, E."]
[Black "Bakhmatov, E."]
[Result "1-0"]
[WhiteElo "2232"]
[BlackElo "2390"]
[PlyCount "101"]

1. e4 g6 2. d4 Bg7 3. c4 d6 4. Nf3 Nf6 5. Nc3 O-O 6. Be2 Nbd7 7. O-O e5 8. Be3
Ng4 9. Bg5 f6 10. Bc1 Nh6 11. Be3 Nf7 12. Qc2 c6 13. Rad1 Qe7 14. c5 dxc5 15.
dxc5 Re8 16. Nd2 Nxc5 17. Nd5 cxd5 18. Bxc5 Qc7 19. exd5 b6 20. Bb5 Bd7 21. d6
Qb7 22. Bxd7 Qxd7 23. Ba3 Rac8 24. Qb3 Bf8 25. Ne4 Kg7 26. Qd5 f5 27. Nc3 Rcd8
28. Nb5 Re6 29. Nxa7 Bxd6 30. Nb5 Qc8 31. Nxd6 Nxd6 32. Qb3 Nf7 33. Bb4 Rxd1
34. Rxd1 Rc6 35. Bc3 Qe6 36. Qxe6 Rxe6 37. f4 g5 38. fxe5 Kg6 39. Rd5 h5 40.
Rb5 f4 41. Bd4 Kf5 42. Bxb6 Ke4 43. a4 Nxe5 44. a5 Nd3 45. Rxg5 Rc6 46. b4 Ne5
47. Rxe5+ Kxe5 48. a6 Rc8 49. a7 Kd5 50. b5 Kc4 51. Bc7 1-0

[Event "?"]
[Site "?"]
[Date "????.??.??"]
[Round "?"]
[White "Ljuboschiz, A."]
[Black "Ofstad, P."]
[Result "1-0"]
[WhiteElo "2220"]
[BlackElo "2173"]
[PlyCount "55"]
[EventDate "2006.02.24"]

1. e4 e5 2. Nf3 Nc6 3. Bc4 Nf6 4. d3 Be7 5. O-O O-O 6. Re1 d6 7. a4 Bg4 8. h3
Be6 9. Nbd2 Nd7 10. Nf1 Bf6 11. a5 a6 12. Ne3 Re8 13. Nd5 Ne7 14. Nxf6+ Nxf6
15. c3 Ng6 16. Bxe6 fxe6 17. d4 exd4 18. Nxd4 Qd7 19. Bg5 Qf7 20. Re3 h6 21.
Bxf6 Qxf6 22. Qb3 c5 23. Ne2 Qe7 24. f4 Kh7 25. Rf1 Rf8 26. Rg3 Rf6 27. Qc2 Kg8
28. e5 1-0

[Event "?"]
[Site "?"]
[Date "????.??.??"]
[Round "?"]
[White "Littlewood, J E."]
[Black "Rahls, P."]
[Result "0-1"]
[WhiteElo "2275"]
[BlackElo "2334"]
[PlyCount "62"]

1. e4 c5 2. d3 Nc6 3. g3 g6 4. Bg2 Bg7 5. Nf3 e5 6. a3 Nge7 7. Nbd2 d5 8. exd5
Nxd5 9. O-O O-O 10. Re1 Nc7 11. Nc4 Re8 12. Nfd2 f5 13. Nb3 Ne6 14. Be3 f4 15.
Bxc5 Ng5 16. h4 Ne6 17. Ncd2 fxg3 18. Qf3 Nxc5 19. Nxc5 gxf2+ 20. Qxf2 Rf8 21.
Nf3 Nd4 22. c3 Nxf3+ 23. Bxf3 b6 24. Ne4 Bg4 25. Re3 Bh6 26. Rf1 Bxe3 27. Qxe3
Bxf3 28. Rxf3 Qxh4 29. Ng3 Rxf3 30. Qxf3 Rd8 31. Ne4 Qf4 0-1

[Event "?"]
[Site "?"]
[Date "????.??.??"]
[Round "?"]
[White "Baumbach, F."]
[Black "Richardson, K B."]
[Result "1-0"]
[WhiteElo "2262"]
[BlackElo "2236"]
[PlyCount "75"]

1. d4 Nf6 2. c4 g6 3. Nc3 Bg7 4. e4 d6 5. Nf3 O-O 6. Be2 e5 7. O-O Nc6 8. d5
Ne7 9. b4 a5 10. Ba3 Nd7 11. bxa5 Rxa5 12. Bb4 Ra8 13. a4 Bh6 14. Nd2 f5 15.
Bf3 Kh8 16. a5 Ng8 17. Nb3 Ngf6 18. c5 fxe4 19. Bxe4 Nxe4 20. Nxe4 Qh4 21. Qe1
Nf6 22. Nxf6 Rxf6 23. cxd6 cxd6 24. f4 Qxe1 25. Raxe1 Bd7 26. fxe5 Rxf1+ 27.
Kxf1 dxe5 28. Rxe5 Bg7 29. Re4 Bb5+ 30. Ke1 Rd8 31. d6 Bc6 32. Re2 Bf8 33. Nd4
Bxd6 34. Nxc6 bxc6 35. Bxd6 Rxd6 36. a6 Rd8 37. Re7 Kg8 38. a7 1-0

[Event "?"]
[Site "?"]
[Date "????.??.??"]
[Round "?"]
[White "Bachmann, K."]
[Black "Clemens, C."]
[Result "1/2-1/2"]
[WhiteElo "2304"]
[BlackElo "2295"]
[PlyCount "30"]

1. d4 f5 2. c4 Nf6 3. g3 e6 4. Bg2 d5 5. Nf3 c6 6. O-O Bd6 7. b3 Qe7 8. Bb2 O-O
9. Qc1 b5 10. Nbd2 Bb7 11. Ne5 Nbd7 12. Ndf3 Rac8 13. c5 Bb8 14. b4 a5 15. a3
a4 1/2-1/2

[Event "?"]
[Site "?"]
[Date "????.??.??"]
[Round "?"]
[White "Dornieden, M."]
[Black "Rosen, W."]
[Result "0-1"]
[WhiteElo "2284"]
[BlackElo "2268"]
[PlyCount "156"]

1. Nf3 Nf6 2. c4 e6 3. d3 c5 4. g3 b6 5. Bg2 Bb7 6. O-O Be7 7. b3 d5 8. Bb2 O-O
9. Nbd2 Nc6 10. a3 a5 11. Qc2 d4 12. Ne5 Qc7 13. Nxc6 Bxc6 14. Bxc6 Qxc6 15.
Nf3 Ng4 16. b4 h5 17. bxc5 bxc5 18. Bc1 Rab8 19. h3 Nf6 20. Bg5 Rb7 21. Rab1
Rfb8 22. Bxf6 Bxf6 23. Nd2 h4 24. g4 Bg5 25. Rxb7 Rxb7 26. Nf3 Be7 27. Rb1
Rxb1+ 28. Qxb1 Qc7 29. Qb5 g5 30. Qe8+ Kg7 31. Qa8 f6 32. Nd2 Qb6 33. Qe8 Qd8
34. Qc6 Qd6 35. Qb7 f5 36. Nf3 Kh6 37. Qc8 fxg4 38. Qh8+ Kg6 39. Ne5+ Kf5 40.
Nxg4 e5 41. Qc8+ Qe6 42. Nh6+ Kf6 43. Ng8+ Kf7 44. Qxe6+ Kxe6 45. Nh6 a4 46.
Kf1 Bd8 47. Ke1 Ba5+ 48. Kd1 Bc3 49. Kc2 Be1 50. f3 Kf6 51. Kd1 Bc3 52. Kc2 Kg6
53. Ng4 Kf5 54. Nh2 Kf4 55. Nf1 Ba5 56. Kd1 Bd8 57. Ke1 Bc7 58. Kf2 Ba5 59. e4
Bc3 60. Nh2 Bb2 61. Ng4 Bxa3 62. Nf6 g4 63. Nd5+ Kg5 64. Nb6 gxh3 65. Nxa4 h2
66. Kg2 Kf4 67. Nb6 h1=Q+ 68. Kxh1 Kxf3 69. Nd7 Kf4 70. Kh2 Bb4 71. Kh3 Be1 72.
Nxc5 Ke3 73. Nd7 Kxd3 74. Nxe5+ Kxe4 75. Nd7 Bb4 76. Nf6+ Kf3 77. Ng4 Bd6 78.
Nh2+ Bxh2 0-1

[Event "?"]
[Site "?"]
[Date "????.??.??"]
[Round "?"]
[White "Nautsch, W."]
[Black "Jentsch, D."]
[Result "0-1"]
[WhiteElo "2297"]
[BlackElo "2196"]
[PlyCount "106"]
[EventDate "2006.02.24"]

1. d4 d5 2. c4 dxc4 3. e3 Nf6 4. Bxc4 a6 5. Nc3 b5 6. Bd3 Bb7 7. Nf3 e6 8. O-O
c5 9. Qe2 Nc6 10. Rd1 cxd4 11. exd4 Be7 12. h3 O-O 13. Bf4 Nb4 14. Bb1 Nbd5 15.
Be5 Nxc3 16. bxc3 Rc8 17. a4 Nd5 18. Qd3 g6 19. Rc1 Bg5 20. Rc2 b4 21. cxb4
Nxb4 22. Rxc8 Qxc8 23. Qd1 Bxf3 24. Qxf3 Qc1+ 25. Kh2 Nd5 26. Qb3 Rc8 27. Ra2
Bf4+ 28. g3 Bxe5 29. dxe5 Qe1 30. Rc2 Rxc2 31. Qxc2 Nc3 32. Ba2 Qxe5 33. Bc4 a5
34. h4 Qd4 35. Bb3 Ne4 36. Kg2 Nc5 37. Qa2 Nxb3 38. Qxb3 Qd5+ 39. Qxd5 exd5 40.
Kf3 Kf8 41. Kf4 f6 42. g4 Ke7 43. Ke3 h6 44. f4 Kd6 45. Kd4 h5 46. f5 hxg4 47.
fxg6 Ke6 48. h5 g3 49. Ke3 d4+ 50. Kf3 d3 51. h6 d2 52. Ke2 g2 53. h7 d1=Q+ 0-1

[Event "?"]
[Site "?"]
[Date "????.??.??"]
[Round "?"]
[White "Durst, U."]
[Black "Krueger, E."]
[Result "0-1"]
[WhiteElo "2130"]
[BlackElo "2210"]
[PlyCount "82"]

1. f4 Nf6 2. Nf3 g6 3. b3 Bg7 4. Bb2 O-O 5. e3 d6 6. d4 Nc6 7. Bd3 e5 8. fxe5
dxe5 9. Nxe5 Nxe5 10. dxe5 Ng4 11. Qe2 Nxe5 12. Nc3 Qh4+ 13. g3 Qf6 14. Rf1 Bg4
15. Rxf6 Bxe2 16. Kxe2 Nxd3 17. cxd3 Bxf6 18. Rf1 Bg7 19. d4 f5 20. Nd5 Rf7 21.
Kd3 Re8 22. Nf4 Rfe7 23. Nd5 Rd7 24. Nf4 c5 25. Rc1 g5 26. Nh5 cxd4 27. exd4
Bh8 28. Rc5 Kf7 29. Rxf5+ Kg6 30. g4 Red8 31. h4 Rxd4+ 32. Bxd4 Rxd4+ 33. Ke2
Rxg4 34. Rf8 Bd4 35. hxg5 Kxh5 36. Rf7 Kg6 37. Rxb7 Rxg5 38. Kf3 h5 39. Rd7 Bc5
40. Rd8 h4 41. Rg8+ Kf5 0-1

[Event "?"]
[Site "?"]
[Date "????.??.??"]
[Round "?"]
[White "Raedeker, B."]
[Black "Westerinen, H M."]
[Result "1/2-1/2"]
[WhiteElo "2238"]
[BlackElo "2382"]
[PlyCount "37"]

1. d4 e6 2. Nf3 c5 3. e3 Nf6 4. Bd3 d5 5. c3 Nc6 6. Nbd2 Bd6 7. O-O O-O 8. Re1
e5 9. e4 cxd4 10. cxd4 Bg4 11. exd5 Nxd4 12. h3 Bh5 13. g4 Bg6 14. Bxg6 fxg6
15. Nxd4 exd4 16. Nb3 Nxd5 17. Qxd4 Nf4 18. Bxf4 Rxf4 19. Qd5+ 1/2-1/2

[Event "?"]
[Site "?"]
[Date "????.??.??"]
[Round "?"]
[White "Sorri, K J."]
[Black "Hottes, D."]
[Result "1-0"]
[WhiteElo "2286"]
[BlackElo "2185"]
[PlyCount "81"]
[EventDate "2006.02.24"]

1. d4 Nf6 2. Nf3 g6 3. g3 Bg7 4. Bg2 O-O 5. O-O d6 6. b3 c5 7. Bb2 cxd4 8. Nxd4
a6 9. c4 Qc7 10. Nc3 Nc6 11. Nc2 Qa5 12. Nd5 Nxd5 13. Bxg7 Kxg7 14. cxd5 Ne5
15. Qd4 f6 16. Ne3 Bd7 17. f4 Nf7 18. Nc4 Qc5 19. Qxc5 dxc5 20. Nb6 Rad8 21.
Rac1 Bb5 22. Rxc5 Nd6 23. Rc7 Rf7 24. Bf3 e5 25. Rxf7+ Kxf7 26. fxe5 fxe5 27.
a4 Be8 28. e4 Ke7 29. Rc1 h5 30. Rc7+ Kf6 31. Kf2 g5 32. Ke3 g4 33. Be2 Kg5 34.
Re7 Nf7 35. Rxb7 Kf6 36. Nc4 Rc8 37. Rb6+ Ke7 38. Rxa6 Rb8 39. Rb6 Rc8 40. a5
h4 41. a6 1-0

[Event "?"]
[Site "?"]
[Date "????.??.??"]
[Round "?"]
[White "Schmidt, H."]
[Black "Kanko, I."]
[Result "1-0"]
[WhiteElo "2221"]
[BlackElo "2227"]
[PlyCount "53"]

1. e4 c5 2. Nf3 e6 3. d4 cxd4 4. Nxd4 Nc6 5. Be3 a6 6. g3 Nf6 7. Bg2 Qc7 8. O-O
Be7 9. c4 d6 10. b3 O-O 11. Nc3 Bd7 12. Rc1 Nxd4 13. Bxd4 Rac8 14. Qe2 e5 15.
Be3 Qb8 16. a4 Bc6 17. f4 Nd7 18. b4 b6 19. Bh3 Rc7 20. Nd5 Bxd5 21. cxd5 a5
22. Rxc7 Qxc7 23. Rc1 Qb7 24. Qb5 exf4 25. gxf4 Nf6 26. Bxb6 axb4 27. Rc7 1-0

[Event "?"]
[Site "?"]
[Date "????.??.??"]
[Round "?"]
[White "Hurme, H M."]
[Black "Gabriel, J."]
[Result "1/2-1/2"]
[WhiteElo "2210"]
[BlackElo "2200"]
[PlyCount "81"]

1. d4 f5 2. Nf3 Nf6 3. g3 g6 4. Bg2 Bg7 5. O-O O-O 6. c4 d6 7. d5 Na6 8. Nc3
Nc5 9. Rb1 a5 10. b3 h6 11. Nd4 Bd7 12. Bb2 Rc8 13. a3 Qe8 14. b4 axb4 15. axb4
Na6 16. Ba3 c6 17. c5 dxc5 18. bxc5 cxd5 19. Nxd5 e5 20. c6 bxc6 21. Bxf8 Nxd5
22. Bxg7 Kxg7 23. Bxd5 cxd5 24. Rb6 Nc5 25. Nf3 d4 26. e3 Ba4 27. Qe2 d3 28.
Qb2 Nd7 29. Rb7 Bc6 30. Nxe5 Bxb7 31. Nxd7+ Kf7 32. Qxb7 Ke6 33. Nb6 Rc5 34.
Rd1 Qb5 35. Qg7 d2 36. Rxd2 Rc1+ 37. Kg2 Qf1+ 38. Kf3 Qh1+ 39. Ke2 Qf1+ 40. Kf3
Qh1+ 41. Ke2 1/2-1/2

[Event "?"]
[Site "?"]
[Date "????.??.??"]
[Round "?"]
[White "Jansson, B."]
[Black "Schmidt, G."]
[Result "0-1"]
[WhiteElo "2349"]
[BlackElo "2238"]
[PlyCount "37"]

1. e4 c5 2. Nf3 d6 3. d4 cxd4 4. Nxd4 Nf6 5. Nc3 a6 6. a4 e5 7. Nf3 Be7 8. Bg5
Nbd7 9. Bc4 h6 10. Bxf6 Nxf6 11. Qd3 Qc7 12. O-O O-O 13. Nh4 d5 14. Bxd5 Rd8
15. Nf3 Bb4 16. Qc4 Nxd5 17. Qxd5 Bxc3 18. Qxd8+ Qxd8 19. bxc3 0-1

[Event "?"]
[Site "?"]
[Date "????.??.??"]
[Round "?"]
[White "Lenk, W."]
[Black "Kinnmark, O."]
[Result "0-1"]
[WhiteElo "2232"]
[BlackElo "2328"]
[PlyCount "60"]

1. e4 e5 2. Nf3 Nc6 3. Bb5 a6 4. Bxc6 dxc6 5. O-O Qd6 6. d4 exd4 7. Nxd4 c5 8.
Nb3 Be6 9. Qf3 O-O-O 10. Nc3 Qc6 11. Be3 Nf6 12. h3 Be7 13. Rfd1 h6 14. a3 b6
15. Qe2 Kb7 16. Nd2 b5 17. e5 Nd5 18. Nxd5 Bxd5 19. f3 f6 20. c4 bxc4 21. exf6
Bxf6 22. Nxc4 Qb5 23. Rdc1 Rhe8 24. a4 Bxc4 25. Qf2 Qb4 26. Bxc5 Qxc5 27. Qxc5
Bd4+ 28. Kh1 Bxc5 29. Rxc4 Rd5 30. Rac1 Bd6 0-1

[Event "?"]
[Site "?"]
[Date "????.??.??"]
[Round "?"]
[White "Malmdin, N-A."]
[Black "Petzold, H."]
[Result "0-1"]
[WhiteElo "2245"]
[BlackElo "2151"]
[PlyCount "70"]

1. e4 e6 2. d3 b6 3. Nf3 Bb7 4. Nbd2 f5 5. c3 Nc6 6. Qc2 Qf6 7. Be2 Nge7 8. a4
g5 9. h3 h5 10. Nc4 g4 11. Ng1 d5 12. exd5 exd5 13. Na3 d4 14. Nb5 O-O-O 15.
hxg4 fxg4 16. a5 Bg7 17. axb6 axb6 18. cxd4 Rd5 19. Qc4 Qf5 20. Na7+ Nxa7 21.
Rxa7 Bxd4 22. Nf3 Rhd8 23. Nxd4 Rxd4 24. Qa2 Nc6 25. Ra4 Nb4 26. Rxb4 Rxb4 27.
O-O Qe5 28. Re1 Kb8 29. Qa3 Qd5 30. f3 Qd4+ 31. Kh1 Rb5 32. Qc3 Qf2 33. Bd2 Re8
34. fxg4 Rxe2 35. Qa3 Qxg2# 0-1

[Event "?"]
[Site "?"]
[Date "????.??.??"]
[Round "?"]
[White "Wade, R."]
[Black "Turikov, V."]
[Result "1/2-1/2"]
[WhiteElo "2171"]
[BlackElo "2345"]
[PlyCount "105"]
[EventDate "2006.02.24"]

1. d4 d6 2. Nf3 Nf6 3. g3 c6 4. Bg2 Bf5 5. O-O e6 6. c4 Be7 7. Nc3 Ne4 8. Qb3
Qb6 9. Be3 Nd7 10. Nxe4 Bxe4 11. Rfd1 d5 12. Ne1 Bg6 13. Nd3 O-O 14. cxd5 cxd5
15. Rac1 Rfc8 16. Rxc8+ Rxc8 17. Rc1 Rxc1+ 18. Nxc1 Qc6 19. Nd3 b6 20. Bf4 a5
21. Bd2 a4 22. Qc3 Qxc3 23. bxc3 Bxd3 24. exd3 b5 25. Kf1 Nb6 26. Bf3 Kf8 27.
Bd1 Ba3 28. Bf4 Ke7 29. Bc7 Nc8 30. c4 Kd7 31. Ba5 Kc6 32. cxb5+ Kxb5 33. Bc3
Bb4 34. Ba1 Na7 35. Ke2 Nc6 36. Ke3 Ka5 37. f4 Ne7 38. g4 g6 39. Bb2 Nc6 40. h4
h6 41. h5 gxh5 42. gxh5 f5 43. a3 Be7 44. Bc1 Kb5 45. Bb2 Na5 46. Bc2 Nb3 47.
Kf3 Bd8 48. Ke3 Ba5 49. Kf3 Bd2 50. Bd1 Nc1 51. Bc2 Na2 52. Ke2 Ba5 53. Ke3
1/2-1/2

[Event "?"]
[Site "?"]
[Date "????.??.??"]
[Round "?"]
[White "Golcman, E."]
[Black "Byway, P."]
[Result "1-0"]
[WhiteElo "2317"]
[BlackElo "2203"]
[PlyCount "47"]

1. c4 e5 2. g3 Nc6 3. Bg2 g6 4. Nc3 Bg7 5. Nf3 d6 6. O-O Nge7 7. d3 O-O 8. Rb1
a5 9. a3 Bd7 10. b4 axb4 11. axb4 Qc8 12. b5 Nd8 13. Bg5 f6 14. Bd2 Bh3 15. Nd5
Nxd5 16. cxd5 Bxg2 17. Kxg2 c6 18. dxc6 bxc6 19. Qb3+ Qe6 20. bxc6 Qxb3 21.
Rxb3 Ra6 22. c7 Ne6 23. Rc1 Rc8 24. Rb8 1-0

[Event "?"]
[Site "?"]
[Date "????.??.??"]
[Round "?"]
[White "Vager, B."]
[Black "Farrand, J."]
[Result "1-0"]
[WhiteElo "2175"]
[BlackElo "2166"]
[PlyCount "43"]
[EventDate "2006.02.24"]

1. d4 Nc6 2. Nf3 d5 3. Bf4 Bg4 4. e3 e6 5. Be2 Bd6 6. Bxd6 cxd6 7. c3 Nf6 8.
Nbd2 O-O 9. h3 Bxf3 10. Bxf3 Qc7 11. O-O b5 12. a3 a5 13. Be2 Rab8 14. Bd3 e5
15. Qe2 b4 16. cxb4 axb4 17. dxe5 dxe5 18. Rfe1 bxa3 19. bxa3 Qd6 20. a4 Rb2
21. Qd1 d4 22. Nc4 1-0

[Event "?"]
[Site "?"]
[Date "????.??.??"]
[Round "?"]
[White "Böhnisch, M."]
[Black "Liebert, H."]
[Result "1/2-1/2"]
[WhiteElo "2372"]
[BlackElo "2265"]
[PlyCount "69"]

1. e4 Nf6 2. e5 Nd5 3. Bc4 Nb6 4. Bb3 d6 5. exd6 exd6 6. d4 d5 7. Nf3 Be7 8.
Bf4 O-O 9. Nbd2 Nc6 10. c3 Bf5 11. O-O Na5 12. Bc2 Bxc2 13. Qxc2 Nac4 14. Rad1
Bd6 15. Ng5 g6 16. Bxd6 Qxd6 17. Nxc4 Nxc4 18. b3 Nb6 19. Qd3 f6 20. Nh3 Rae8
21. g3 Qe6 22. Nf4 Qe4 23. Qd2 c6 24. Rde1 Qf5 25. Re3 Nc8 26. c4 dxc4 27. bxc4
Nd6 28. Rxe8 Rxe8 29. Qb4 Qd7 30. c5 Nf5 31. Qb3+ Qf7 32. Rb1 Nxd4 33. Qxf7+
Kxf7 34. Rxb7+ Re7 35. Rb4 1/2-1/2

[Event "?"]
[Site "?"]
[Date "????.??.??"]
[Round "?"]
[White "Hamm, G."]
[Black "Braun, G."]
[Result "0-1"]
[WhiteElo "2166"]
[BlackElo "2314"]
[PlyCount "74"]

1. c4 e5 2. Nc3 d6 3. g3 f5 4. Bg2 Nf6 5. e3 Be7 6. Nge2 O-O 7. O-O Na6 8. d4
c6 9. a3 Nc7 10. b3 Be6 11. Bb2 Qe8 12. Nc1 e4 13. f3 exf3 14. Bxf3 d5 15. c5
Ne4 16. Nd3 Bg5 17. Qe2 Qg6 18. Nf4 Qh6 19. Rae1 Rae8 20. Nd1 Bf7 21. Nf2 Bxf4
22. gxf4 Re6 23. Nxe4 dxe4 24. Bg2 Rg6 25. Kh1 Bxb3 26. Qd2 Nd5 27. Rf2 Nf6 28.
Bf1 Nh5 29. Rg2 Ng3+ 30. Kg1 Nxf1 31. Rxf1 Rxg2+ 32. Kxg2 Rf6 33. Qc3 Bd5 34.
Rf2 Rg6+ 35. Kf1 Qh3+ 36. Ke2 Rg2 37. Qe1 Qf3+ 0-1

[Event "?"]
[Site "?"]
[Date "????.??.??"]
[Round "?"]
[White "Böhling, H."]
[Black "Just, J."]
[Result "1-0"]
[WhiteElo "2238"]
[BlackElo "2146"]
[PlyCount "91"]
[EventDate "2006.02.24"]

1. Nf3 Nf6 2. c4 c5 3. Nc3 Nc6 4. d4 cxd4 5. Nxd4 g6 6. g3 Bg7 7. Bg2 O-O 8.
O-O a6 9. c5 Nxd4 10. Qxd4 Ne8 11. Qe3 Nc7 12. Rd1 Qe8 13. Na4 d5 14. Nb6 d4
15. Rxd4 Bxd4 16. Qxd4 Ne6 17. Qc3 Rb8 18. Bh6 f6 19. Bxf8 Nxf8 20. Rd1 Be6 21.
Bd5 Bxd5 22. Rxd5 Kg7 23. b4 Rd8 24. Qd2 Rxd5 25. Qxd5 Qb5 26. Qe4 Kf7 27. a4
Qc6 28. Qc4+ Qe6 29. f4 Qxc4 30. Nxc4 Ne6 31. Na5 Nd8 32. Kf2 Ke6 33. e4 Kd7
34. Ke3 e5 35. fxe5 fxe5 36. Kd3 g5 37. Kc4 Ke6 38. b5 h5 39. b6 Kd7 40. Kd5 h4
41. Kxe5 hxg3 42. hxg3 g4 43. Kd5 Ne6 44. Nxb7 Nf4+ 45. gxf4 g3 46. c6+ 1-0

[Event "?"]
[Site "?"]
[Date "????.??.??"]
[Round "?"]
[White "Packroff, H."]
[Black "Weber, B."]
[Result "1-0"]
[WhiteElo "2157"]
[BlackElo "2134"]
[PlyCount "71"]

1. d4 Nf6 2. Nc3 d5 3. Bg5 Bf5 4. Bxf6 gxf6 5. e3 Nc6 6. Bd3 Qd7 7. Nge2 O-O-O
8. Bxf5 Qxf5 9. Ng3 Qg6 10. O-O e6 11. f4 f5 12. a3 Be7 13. b4 Rhg8 14. Na4 Bh4
15. Rf3 Qf6 16. Qd3 Bxg3 17. hxg3 Rg4 18. Nc5 Rdg8 19. Nxb7 Kxb7 20. Qb5+ Kc8
21. Qxc6 Qg7 22. Qa6+ Kd8 23. Qe2 h5 24. c4 h4 25. cxd5 hxg3 26. Kf1 exd5 27.
Qb5 Qh6 28. Qxd5+ Ke8 29. Ke2 c6 30. Qxf5 Qh2 31. Qe4+ Kd8 32. Rff1 R8g6 33.
Rh1 f5 34. Qf3 Kd7 35. Rxh2 gxh2 36. Kf2 1-0

[Event "?"]
[Site "?"]
[Date "????.??.??"]
[Round "?"]
[White "Staller, P."]
[Black "Rodriguez, O."]
[Result "1/2-1/2"]
[WhiteElo "2243"]
[BlackElo "2426"]
[PlyCount "65"]

1. Nf3 d5 2. b3 c5 3. e3 Bg4 4. Bb2 Nf6 5. Be2 e6 6. Ne5 Bxe2 7. Qxe2 Nbd7 8.
f4 Be7 9. O-O O-O 10. d3 Nxe5 11. Bxe5 Nd7 12. Bb2 Bf6 13. c4 Qa5 14. e4 Bxb2
15. Qxb2 b5 16. Nd2 Rad8 17. Rf3 bxc4 18. bxc4 Rb8 19. Nb3 Qb4 20. Qc2 a5 21.
Rff1 a4 22. Nd2 d4 23. Rfc1 f5 24. Rab1 Qa3 25. exf5 exf5 26. Rb5 Rxb5 27. cxb5
Qb4 28. Nc4 Qxb5 29. Qe2 Qc6 30. Qe7 Rf7 31. Qe8+ Rf8 32. Qe7 Rf7 33. Qe8+
1/2-1/2

[Event "?"]
[Site "?"]
[Date "????.??.??"]
[Round "?"]
[White "Zunker, R."]
[Black "Bautista Sanchez, J."]
[Result "1-0"]
[WhiteElo "2190"]
[BlackElo "2234"]
[PlyCount "116"]

1. c4 c5 2. Nf3 Nc6 3. Nc3 g6 4. g3 Bg7 5. Bg2 e5 6. d3 d6 7. Nd5 h6 8. O-O
Nge7 9. Ne1 g5 10. e3 Be6 11. Qa4 Bd7 12. Qb3 Rb8 13. f4 gxf4 14. gxf4 Nf5 15.
Qd1 Nh4 16. Qh5 O-O 17. f5 Qg5 18. Qxg5 hxg5 19. e4 Nxg2 20. Kxg2 f6 21. Be3
Kf7 22. Rh1 Rh8 23. h3 b5 24. b3 a5 25. Nf3 Nd4 26. Nxd4 exd4 27. Bd2 a4 28.
Rab1 Bc6 29. bxa4 bxc4 30. dxc4 Bxa4 31. Ba5 Bc2 32. Rxb8 Bxe4+ 33. Kg3 Rxb8
34. Bc7 Rb2 35. Rg1 Bf8 36. a4 Rb3+ 37. Kf2 Rf3+ 38. Ke2 Ra3 39. a5 Bd3+ 40.
Kf2 Bxc4 41. Nb6 Bd3 42. Nc8 Bxf5 43. Nxd6+ Bxd6 44. Bxd6 Rxa5 45. Rc1 Bxh3 46.
Bxc5 d3 47. Bb4 Rf5+ 48. Ke3 Bf1 49. Bd6 Be2 50. Rg1 Rf3+ 51. Kd2 Kg6 52. Rh1
f5 53. Rh8 f4 54. Rg8+ Kf5 55. Bc7 Rf1 56. Bd8 g4 57. Rf8+ Ke4 58. Bg5 g3 1-0

[Event "?"]
[Site "?"]
[Date "????.??.??"]
[Round "?"]
[White "Escher, H."]
[Black "Anguera Maestro, J."]
[Result "0-1"]
[WhiteElo "2084"]
[BlackElo "2220"]
[PlyCount "88"]
[EventDate "2006.02.24"]

1. d4 d5 2. Nf3 Nf6 3. Bf4 c6 4. c3 Nbd7 5. Nbd2 g6 6. e3 Bg7 7. h3 O-O 8. Bd3
b6 9. O-O Bb7 10. Ne5 c5 11. Re1 Ne4 12. Nxd7 Qxd7 13. Qe2 Nxd2 14. Qxd2 f6 15.
Bg3 e5 16. dxe5 fxe5 17. Qe2 c4 18. Bc2 Qc6 19. f3 Rae8 20. Rad1 b5 21. Bf2 Rd8
22. a3 a5 23. Bb1 Rfe8 24. Rd2 Bh6 25. Qd1 Qf6 26. Ree2 Bf8 27. Qe1 b4 28. axb4
axb4 29. f4 Qc6 30. Bh4 Rd7 31. fxe5 Rxe5 32. e4 Bc5+ 33. Kh1 dxe4 34. Rxd7
Qxd7 35. Bxe4 Qe6 36. Bxb7 Rxe2 37. Qd1 Kg7 38. Bd5 Qe5 39. Bg3 Qe3 40. Qf1 Qe7
41. Bh4 g5 42. Bxc4 Re4 43. Bg3 Rxc4 44. Qxc4 Qe3 0-1

[Event "?"]
[Site "?"]
[Date "????.??.??"]
[Round "?"]
[White "Montell Zabay, A."]
[Black "Bomert, E."]
[Result "1-0"]
[WhiteElo "2129"]
[BlackElo "2172"]
[PlyCount "39"]

1. e4 c5 2. Nf3 e6 3. d4 cxd4 4. Nxd4 Nf6 5. Nc3 a6 6. e5 Ng8 7. Bd3 d6 8. Nf3
Nc6 9. Qe2 dxe5 10. Nxe5 Nxe5 11. Qxe5 Qd6 12. Qe2 Nf6 13. Bg5 Be7 14. O-O-O
Qc7 15. Kb1 O-O 16. h4 Re8 17. Bxf6 Bxf6 18. Ne4 Qe5 19. c3 g6 20. f4 1-0

[Event "?"]
[Site "?"]
[Date "????.??.??"]
[Round "?"]
[White "Siegmund, R."]
[Black "Meier, W."]
[Result "1/2-1/2"]
[WhiteElo "2177"]
[BlackElo "2190"]
[PlyCount "31"]

1. d4 f5 2. g3 Nf6 3. Bg2 g6 4. c4 Bg7 5. Nc3 O-O 6. Nh3 e6 7. O-O d6 8. Nf4 c6
9. e4 e5 10. Nfe2 fxe4 11. dxe5 dxe5 12. Nxe4 Nxe4 13. Bxe4 Be6 14. Qc2 Nd7 15.
Be3 Qe7 16. b3 1/2-1/2

[Event "?"]
[Site "?"]
[Date "????.??.??"]
[Round "?"]
[White "Eskandary, J."]
[Black "Hampel, J."]
[Result "1-0"]
[WhiteElo "2159"]
[BlackElo "2194"]
[PlyCount "69"]

1. e4 e6 2. Ne2 d5 3. exd5 exd5 4. Ng3 Bd6 5. d4 Ne7 6. Bd3 O-O 7. Qh5 g6 8.
Qh6 Nec6 9. c3 Re8+ 10. Be3 Bf8 11. Qf4 Bd6 12. Qf3 Qh4 13. Nf1 Be6 14. h3 Nd7
15. Nbd2 Ne7 16. O-O-O f5 17. g3 Qf6 18. h4 f4 19. gxf4 Rf8 20. Re1 Bf5 21.
Bxf5 Qxf5 22. Ng3 Qd3 23. h5 Rf7 24. hxg6 Qxg6 25. Rh5 Kh8 26. f5 Qg8 27. Bh6
Nf6 28. Rg5 Qc8 29. Nh5 Ne8 30. Qg4 Rxf5 31. Rxe7 Rxg5 32. Qxg5 Bxe7 33. Qxe7
Qg4 34. Bg5 Qxh5 35. Qf8# 1-0

[Event "?"]
[Site "?"]
[Date "????.??.??"]
[Round "?"]
[White "Dorawa, B."]
[Black "Schwier, M."]
[Result "0-1"]
[WhiteElo "2110"]
[BlackElo "2134"]
[PlyCount "70"]
[EventDate "2006.02.24"]

1. e4 d5 2. exd5 Qxd5 3. Nc3 Qa5 4. d4 c6 5. Nf3 Bf5 6. Bd3 e6 7. O-O Nf6 8.
Ne5 Bxd3 9. Qxd3 Nbd7 10. Nxd7 Nxd7 11. Bf4 O-O-O 12. a3 Qh5 13. Qg3 Qg6 14.
Qxg6 hxg6 15. Rad1 Be7 16. Be5 Nf6 17. h3 Rh7 18. Rd3 g5 19. g4 Nd7 20. a4 Nxe5
21. dxe5 Rxd3 22. cxd3 Rxh3 23. Rd1 Rh8 24. Kg2 Rd8 25. d4 a5 26. Kf3 Rh8 27.
Ne4 f5 28. Ng3 g6 29. Rh1 Rh4 30. gxf5 Rxh1 31. Nxh1 gxf5 32. Ng3 Kd7 33. Ke2
c5 34. Kd3 Kc6 35. f3 Kd5 0-1

[Event "?"]
[Site "?"]
[Date "????.??.??"]
[Round "?"]
[White "Goldberg, V."]
[Black "Schroeter, H."]
[Result "1-0"]
[WhiteElo "2054"]
[BlackElo "2033"]
[PlyCount "59"]

1. e4 e5 2. Bc4 Nf6 3. d3 Nc6 4. c3 Be7 5. Nf3 O-O 6. b4 d5 7. exd5 Nxd5 8. O-O
Bg4 9. Re1 Bf6 10. h3 Bh5 11. g4 Bg6 12. Qb3 Ndxb4 13. Ba3 Nxd3 14. Bxd3 Qxd3
15. Re3 Qd7 16. Bxf8 Rxf8 17. Nbd2 h5 18. Qa4 b5 19. Qxb5 hxg4 20. hxg4 Qxg4+
21. Kf1 Qe6 22. Rae1 Rb8 23. Qc5 Rb2 24. a4 Bh5 25. Qc4 Qd7 26. Rd3 Qh3+ 27.
Kg1 Na5 28. Qe4 Bg6 29. Qa8+ Kh7 30. Ng5+ 1-0